| 000 | 00596cam a2200205 4500 | ||
|---|---|---|---|
| 001 | D2936 | ||
| 008 | 090401t1984 xxu||||| |||| 00| 0 eng d | ||
| 035 | _a(Sirsi) u71140 | ||
| 041 | _aeng | ||
| 050 |
_a692.8 _c18 |
||
| 100 | _aCox, Stanley | ||
| 245 | 4 | _aThe architect`s guide to the JCT intermediate form of building contract | |
| 260 |
_aLondon _bRIBA Publications Ltd _c1984 |
||
| 300 |
_a159p. _c30cm |
||
| 350 | _a12 | ||
| 650 | _aJCT INTERMEDIATE FORM OF BUILDING CONTRACT (1984 EDITION) | ||
| 690 | _aBUILT ENVIRONMENT-BUILDING CONTRACT FORMS | ||
| 942 | _n0 | ||
| 948 | _c04/03/1997 | ||
| 999 |
_c95388 _d95388 |
||